000 00377cam a2200157ua 4500
041 _aeng
_h
082 _a828.09
_bHER/AG
100 _aHerford, C H .
245 _aAge of Words worth /
_cC H Herford.
_hTextual Documents
250 _a1 /
_b.
260 _aLondon :
_bG Bell and sons Ltd ,
_c1960.
300 _a315 ; .
504 _a
942 _cBK
999 _c6832
_d6832